00672cam a2200205 450000100060000000300080000600500170001400800390003103500190007004000320008904100080012108200250012910000520015424500980020625000120030426000480031630000250036450400410038960000360043024275BD-RjUL20211209001029.0140313s1970 flu b 000 0beng a(BD-RjUL)24341 aDLCcDLCdDLCdBD-RjULbeng aeng00a973.410924bWIM 19701 aWilbur, William H.q(William Hale),d1888-1979.14aThe making of George Washington /cby William H. Wilbur. With a foreword by Kenneth D. Wells. a1st ed. aDeLand, Fla. :bPatriotic Education,c1970. axv, 256 p. ;c18 cm. aIncludes bibliographical references.10aWashington, George,d1732-1799.